000 00681nam a2200229 a 4500
999 _c10480
_d10480
001 10480
003 BD-JhCC
005 20180430162632.0
008 180430s1966 usa |||| |||| 000 0 eng d
035 _a(BD-JhCC)10480
040 _aBD-JhCC
_dBD-JhCC
041 _aeng
082 _a185
_bMIL 1966
100 _aMilch, Robert J.
245 _aNicomachean ethics :
_b notes : including introduction, summaries and commentaries, review questions, bibliography /
_c Robert J. Milch
260 _aUSA :
_bCliff's notes,
_c1966
300 _a106 p. :
_c19 cm.
504 _aIncludes bibliography
650 _aNicomachean ethics (Aristotle)
650 _aEthics
942 _2ddc
_cBK